000 00829nam a2200253Ia 4500
003 GCL
008 140319s9999 xx 000 0 ara d
040 _aGCL /
_cGCL
082 0 4 _a332.62
_bم ش
100 1 _aمحمد الفيومى محمد
245 1 0 _aالشركات الدولية - مدخل اقتصادى محاسبى /
_cمحمد الفيومى محمد
260 _a[S.N] :
_bدار المطبوعات الجامعية ،
_c1982
300 _a279 ص
490 _a
650 0 4 _aالاقتصاد
650 0 4 _aالاستثمار
650 0 4 _aالسياسة
650 0 4 _aالمحاسبة
650 0 4 _aالاجتماع
650 0 4 _aالمحاسبات الالكترونية
650 0 4 _aالاستثمارات الاجنبية
650 0 4 _aالشركات الاستثمارية
942 _2ddc
_cBK
999 _c28846
_d28846